[Event "Sao Paulo op-B U2050 7th"]
[Site "Sao Paulo"]
[Date "2018.04.01"]
[Round "5"]
[White "Da Silva, Silas Freire"]
[Black "Haddix, Micah McClary"]
[Result "0-1"]
[WhiteElo "1821"]
[BlackElo "1512"]
[PlyCount "65"]
[EventDate "2018.03.30"]
[EventType "swiss"]
[EventRounds "6"]
[EventCountry "BRA"]
[SourceTitle "EXT 2021"]
[Source "ChessBase"]
[SourceDate "2020.10.23"]
[SourceVersion "1"]
[SourceVersionDate "2020.10.23"]
[SourceQuality "1"]

1. e4 c5 2. Nf3 d6 3. d4 cxd4 4. Nxd4 Nf6 5. Nc3 g6 6. Bc4 Bg7 7. Be3 Nc6 8. f3 0-0 9. Qd2 a6 10. 0-0-0 Nxd4 11. Bxd4 b5 12. Bb3 a5 13. Nxb5 Bd7 14. Nc3 a4 15. Bd5 Rb8 16. a3 Qa5 17. Na2 Qb5 18. Nb4 Rfc8 19. Qd3 Qa5 20. g4 Bb5 21. Qd2 e5 22. Be3 Nd7 23. h4 Bc4 24. Bxc4 Rxc4 25. Qxd6 Bf8 26. Qxd7 Bxb4 27. axb4 Qxb4 28. Rd2 a3 29. Kd1 axb2 30. Ke2 b1Q 31. Bh6 Rxe4+ 32. Kf2 Qb6+ 33. Kg2 0-1

[Event "Sao Paulo op-B U2050 4th"]
[Site "Sao Paulo"]
[Date "2016.03.27"]
[Round "6"]
[White "Nobre, Jailson Altair Barb"]
[Black "Da Silva, Silas Freire"]
[Result "1-0"]
[WhiteElo "1696"]
[BlackElo "1883"]
[PlyCount "81"]
[EventDate "2016.03.24"]
[EventType "swiss"]
[EventRounds "7"]
[EventCountry "BRA"]
[SourceTitle "CBM 171 Extra"]
[Source "ChessBase"]
[SourceDate "2016.04.26"]
[SourceVersion "1"]
[SourceVersionDate "2016.04.26"]
[SourceQuality "1"]

1. c4 e6 2. g3 d5 3. Bg2 Nf6 4. d4 Be7 5. Bg5 h6 6. Bxf6 Bxf6 7. e3 0-0 8. Nd2 b6 9. Ngf3 Bb7 10. 0-0 Nd7 11. Rc1 c5 12. b3 Rc8 13. cxd5 exd5 14. Re1 Re8 15. Nf1 Nf8 16. h4 Ne6 17. N1h2 cxd4 18. Rxc8 Qxc8 19. exd4 Qc3 20. Ng4 Be7 21. Nge5 Rc8 22. Re3 Qc1 23. Qe1 Qxe1+ 24. Rxe1 Rc2 25. a4 Bf6 26. Nd7 Be7 27. Bh3 Bb4 28. Re3 Nc7 29. Kg2 f6 30. Ne1 Bxe1 31. Rxe1 Kf7 32. Re3 Rd2 33. h5 Rxd4 34. Bf5 Rb4 35. Bg6+ Kg8 36. Nxf6+ gxf6 37. Re7 Rxb3 38. Rxc7 Ba6 39. Bf7+ Kf8 40. Bxd5 Be2 41. Bxb3 1-0